Największe miasta w Rosji • A-Z - Statystyki

Ogólne statystyki
  • Ten quiz został rozwiązany 437 razy
  • Średni wynik to 8 z 21
Statystyki odpowiedzi
# Populacja Rosyjskie miasto % Poprawnych
M 12,380,664 Moskwa
99%
P 5,281,579 Petersburg
94%
K 1,231,878 Kazań
68%
J 1,455,514 Jekaterynburg
62%
N 1,602,915 Nowosybirsk
60%
O 1,178,391 Omsk
58%
R 1,125,299 Rostów nad Donem
58%
S 1,254,460 Samara
56%
U 1,115,560 Ufa
56%
C 1,198,858 Czelabińsk
46%
W 1,039,801 Woroneż
39%
A 532,504 Astrachań
29%
G 291,687 Grozny
29%
I 646,277 Iżewsk
17%
T 744,554 Tiumeń
17%
L 510,439 Lipieck
9%
B 633,301 Barnaul
6%
E 225,752 Engels
6%
D 231,797 Dzierżyńsk
3%
Ż 108,980 Żukowskij
2%
Z 167,978 Złatoust
1%
Nie znaleziono quizów pasujących do podanych kryteriów
Rozkład punktacji
Procent ludzi z każdym wynikiem
Percentyl według liczby udzielonych odpowiedzi
Twoja historia wyników
Nie rozwiązałeś tego quizu